NBA rookie de l'année - mort subite - Statistiques

Statistiques générales
  • Ce quiz a été pris 1 813 fois
  • Le résultat moyen est 3 sur 6
Answers on the Grid
Answers color-coded by a green-red scale on the quiz's grid according to % correct below.
Jayson Tatum
Nikola Jokić
Damian Lillard
Shai Gilgeous-Alexander
Kevin Garnett
Damon Stoudamire
Shaquille O'Neal
Kobe Bryant
Jimmy Butler
Ben Simmons
Chet Holmgren
Kareem Abdul-Jabbar
Joel Embiid
Scottie Barnes
Donovan Mitchell
 
Statistiques - réponses
Réponse % Correct
Ben Simmons
57%
Damian Lillard
55%
Shaquille O'Neal
54%
Scottie Barnes
37%
Kareem Abdul-Jabbar
36%
Damon Stoudamire
18%
Aucun quiz correspondant
Distribution des résultats
% des personnes avec chaque résultat
Percentile par nombre de réponses
Votre historique - résultats
Vous n’avez pas pris ce quiz